书目信息 |
| 题名: |
中国新农村建设资金配置效率研究
|
|
| 作者: | 龙菊 著 | |
| 分册: | ||
| 出版信息: | 北京 中国经济出版社 2017 |
|
| 页数: | 190页 | |
| 开本: | 24cm | |
| 丛书名: | ||
| 单 册: | ||
| 中图分类: | F812.8 | |
| 科图分类: | ||
| 主题词: | 农村经济--经济发展--资金管理--研究--中国 | |
| 电子资源: | ||
| ISBN: | 978-7-5136-4998-8 | |
| 000 | 00957nam0 2200229 450 | |
| 001 | 012001005109 | |
| 005 | 20141007151102.0 | |
| 010 | @a978-7-5136-4998-8@dCNY58.00 | |
| 100 | @a20180412d2017 em y0chiy50 ea | |
| 101 | 0 | @achi |
| 102 | @aCN@b110000 | |
| 105 | @ay z 000yy | |
| 106 | @ar | |
| 200 | 1 | @a中国新农村建设资金配置效率研究@9zhong guo xin nong cun jian she zi jin pei zhi xiao lu yan jiu@f龙菊著 |
| 210 | @a北京@c中国经济出版社@d2017 | |
| 215 | @a190页@d24cm | |
| 330 | @a本书回顾了中国新农村建设的背景与总体思路,用翔实的数据分析了新农村建设以来2006至2015年十年间中国财政支农资金的运行情况与绩效、金融支农资金的运行情况与绩效以及新农村建设的总体绩效。在此基础上,利用数据包络分析法(DEA),对中国新农村建设资金的配置效率进行了实证分析。 | |
| 606 | 0 | @a农村经济@x经济发展@x资金管理@x研究@y中国 |
| 690 | @aF812.8@v5 | |
| 701 | 0 | @a龙菊@9long ju@c(女,@f1964-)@4著 |
| 801 | 0 | @aCN@b上海新华@c20180901 |
| 905 | @b1172669-73@dF812.8@e87@f5 | |
| 中国新农村建设资金配置效率研究/龙菊著.-北京:中国经济出版社,2017 |
| 190页;24cm |
| ISBN 978-7-5136-4998-8:CNY58.00 |
| 本书回顾了中国新农村建设的背景与总体思路,用翔实的数据分析了新农村建设以来2006至2015年十年间中国财政支农资金的运行情况与绩效、金融支农资金的运行情况与绩效以及新农村建设的总体绩效。在此基础上,利用数据包络分析法(DEA),对中国新农村建设资金的配置效率进行了实证分析。 |
| ● |
| 相关链接 |
|
|
|
|
正题名:中国新农村建设资金配置效率研究
索取号:F812.8/87
 
预约/预借
| 序号 | 登录号 | 条形码 | 馆藏地/架位号 | 状态 | 备注 |
| 1 | 1172669 | 211726694 | 第一样本阅览室/ [索取号:F812.8/87] | 在馆 | |
| 2 | 1172670 | 211726701 | 密集书库-海洋学院/ [索取号:F812.8/87] | 在馆 | |
| 3 | 1172671 | 211726710 | 第一借阅区/ [索取号:F812.8/87] | 在馆 | |
| 4 | 1172672 | 211726729 | 第一借阅区/ [索取号:F812.8/87] | 在馆 | |
| 5 | 1172673 | 211726738 | 第一借阅区/ [索取号:F812.8/87] | 在馆 |